[Event "21st Dubai Open 2019"]
[Site "Dubai"]
[Date "2019.04.08"]
[Round "8.7"]
[White "Yilmaz, Mustafa"]
[Black "Visakh N R"]
[Result "1/2-1/2"]
[WhiteElo "2631"]
[BlackElo "2509"]
[Annotator "TA"]
[PlyCount "179"]
[EventDate "2019.04.01"]
[EventType "swiss"]
[EventCountry "UAE"]
[SourceTitle "playchess.com"]
[Source "ChessBase"]
[SourceQuality "1"]

{[%evp 18,179,17,27,33,15,14,10,25,30,14,22,26,22,7,6,11,22,41,36,109,104,112,104,164,154,170,170,156,162,168,163,168,152,157,160,168,146,170,177,182,128,158,158,139,0,136,120,104,110,158,152,163,163,162,162,207,207,207,208,206,222,222,222,202,123,126,114,145,152,237,241,253,241,349,357,349,340,321,133,131,134,217,216,233,238,222,130,115,102,197,197,197,145,174,69,62,60,64,0,0,0,0,0,0,0,4,1,4,-4,2,5,21,20,20,2,18,18,16,20,16,16,83,20,18,20,20,20,20,20,20,20,142,118,117,136,129,14,14,14,14,0,0,0,0,0,0,0,0,0,0,0,0,-8,-8,-8,-8,-8,0,0,0,-8,0,0]} 1. Nf3 Nf6 2. c4 e6 3. Nc3 d5 4. d4 Be7 5. Bf4 O-O 6. e3 Nbd7 7. Be2 dxc4 8. O-O c5 9. dxc5 Nxc5 10. Bxc4 b6 {D37: Queen's Gambit Declined: 5 Bf4} (10... Qxd1 11. Rfxd1 b6 12. Bd6 Bxd6 13. Rxd6 Bb7 14. Ne5 Rfd8 15. Rad1 Rxd6 16. Rxd6 Kf8 17. b4 Na6 18. g4 {1-0 (55) Gajewski,G (2595)-Fridman,D (2633) Germany 2018}) 11. Qc2 {Threatening Rfd1.} Bb7 12. Rfd1 $146 ({Predecessor:} 12. Rad1 Qc8 13. Ne5 Nh5 14. Bg3 Nxg3 15. fxg3 Bf6 16. Nd3 Ne4 17. Qb3 Nxc3 18. bxc3 {0-1 (57) Gasparac,K (1576)-Cotic,B (1605) Kastel Stafilic 2014}) 12... Qc8 13. Nb5 a6 14. Nd6 Bxd6 15. Bxd6 Rd8 16. Rac1 Nce4 17. Bb4 b5 18. Be2 Bd5 (18... Qxc2 $14 19. Rxd8+ (19. Rxc2 Rxd1+ 20. Bxd1 a5 $14) 19... Rxd8 20. Rxc2 Re8) 19. Ne5 $16 Qxc2 20. Rxc2 Ne8 (20... Nd6 $16) 21. Nc6 $18 Bxc6 22. Rxd8 (22. Rxc6 $6 Rdc8 $16) 22... Rxd8 23. Rxc6 Ra8 24. f3 N4f6 25. e4 Nd7 26. Kf2 Ne5 27. Rc5 f6 28. Ke3 Kf7 29. a3 (29. f4 $18 Nd7 30. Rc6) 29... Nd7 30. Rc6 Ne5 31. Rc5 Nd7 $1 {[%cal Rd7c5]} 32. Rc2 Ra7 33. Ba5 Ke7 34. Rc8 Ne5 35. f4 Nf7 36. b3 g6 37. Bb6 $1 {[%cal Rb6a7]} Rb7 38. Bc5+ Kd7 39. Ra8 Rc7 40. Bb4 Rc6 41. a4 bxa4 42. bxa4 Nc7 43. Rf8 Nd8 (43... Nd6 $16 {keeps fighting.} 44. Rh8 (44. Rxf6 Ke7 $11) 44... Nc4+ 45. Kf2 h5 46. Rh7+ Kc8) 44. Rh8 (44. Rxf6 Rb6) 44... h5 45. Rg8 Rb6 (45... Nb7 $142 46. Rg7+ Kc8 47. Rg8+ Kd7 48. Rxg6 Rb6) 46. Ba5 Rb3+ 47. Kf2 Ne8 48. Bxa6 ({Weaker is} 48. Rxg6 Nc6 $16) (48. Bxd8 $1 $18 Kxd8 49. f5 (49. Rxg6 Rb4 $16) (49. Bxa6 Ke7 $16)) 48... Nb7 $16 49. Be1 {Black must now prevent Bb5+.} Nbd6 (49... Ned6 $16 {was worth a try.}) 50. e5 $18 ({Don't take} 50. Rxg6 $6 Nxe4+ 51. Kf1 Nc7 $16) 50... fxe5 51. fxe5 Ne4+ 52. Ke2 (52. Kf1 $1 $18 Nc7 53. Bc8+ Kc6 54. Rd8 (54. Rxg6 Nc5 $16)) 52... Nc7 $16 53. Bd3 Nc5 (53... Nd5 $16) 54. Bxg6 $18 Nd5 55. Rg7+ ({Better is} 55. g3 $18) 55... Kc8 56. Bd2 (56. Kf1 $18) 56... Rb2 $14 57. Ke1 Ra2 $1 58. Bxh5 (58. Rf7 $14) 58... Nd3+ $11 59. Kd1 Nf2+ $1 60. Kc1 {Threatens to win with Bg4.} Nd3+ 61. Kd1 Nf2+ $1 62. Ke2 {Strongly threatening Bf3.} Ne4 $1 63. Bf3 Rxd2+ 64. Ke1 Rd4 65. Rg4 Ndc3 66. a5 Ra4 {( -> ...Ra1+)} 67. Bxe4 $1 Nxe4 {[%mdl 4096] Endgame KRN-KR} 68. h4 Ra1+ 69. Ke2 Nc3+ $1 70. Kd3 ({White should play} 70. Kf3 $16 {Hoping for Rc4+.} Rf1+ 71. Kg3 Ne2+ 72. Kh2) 70... Nd5 71. h5 Rh1 72. Rg8+ Kb7 73. g4 {next Ke4 is good for White.} Ka6 $1 74. Kd4 Kb5 {[#]} (74... Rh4 $1 $11 {remains equal.}) 75. Rb8+ $1 $16 Kxa5 {[#]} 76. Kc5 $1 {[%cal Rb8a8]} Ka6 77. Kd6 (77. Rh8 $16) 77... Ne3 $1 $11 {The position is equal.} 78. Rg8 Rh4 79. g5 {h6 is the strong threat.} (79. Kxe6 {seems wilder.} Nxg4 80. Rg5 Kb6 81. Kf7 Ne3 82. e6) 79... Rxh5 80. Kxe6 Kb7 81. Kf6 Kc7 82. Rg7+ Kc6 83. e6 Nd5+ 84. Ke5 Rh1 85. Rd7 Re1+ 86. Kf5 Rf1+ 87. Ke5 $132 {[%mdl 2048] White is not holding back} Re1+ 88. Kf5 Rf1+ 89. Ke5 Re1+ 90. Kf5 {Accuracy: White = 66%, Black = 59%.} 1/2-1/2

[Event "21st Dubai Open 2019"]
[Site "Dubai"]
[Date "2019.04.08"]
[Round "8.8"]
[White "Mchedlishvili, Mikheil"]
[Black "Sindarov, Javokhir"]
[Result "1-0"]
[WhiteElo "2610"]
[BlackElo "2495"]
[Annotator "TA"]
[PlyCount "155"]
[EventDate "2019.04.01"]
[EventType "swiss"]
[EventCountry "UAE"]
[SourceTitle "playchess.com"]
[Source "ChessBase"]
[SourceQuality "1"]

{[%evp 16,155,43,30,29,-2,47,45,46,34,47,33,29,18,31,26,33,37,53,49,56,48,92,107,132,110,110,110,100,77,89,102,89,97,97,86,101,65,64,64,64,64,65,65,72,70,80,66,80,80,80,80,80,80,80,80,80,80,80,80,80,80,80,80,80,64,80,80,80,80,80,80,80,80,80,72,76,62,62,62,70,63,62,8,8,8,76,76,76,76,76,76,197,197,29953,12842,1741,99,99,85,86,76,76,76,76,76,76,76,76,76,76,76,76,76,76,76,76,0,76,76,76,76,76,76,77,76,76,76,76,76,29985,29981,29981,29982,29982,29979,29979,76,29978,77,29996,29997]} 1. d4 Nf6 2. c4 g6 3. Nc3 d5 4. Bg5 Ne4 5. Bh4 c5 6. cxd5 Nxc3 7. bxc3 Qxd5 8. e3 Nc6 9. Qf3 Qf5 {D80: Grünfeld: Unusual White 4th moves and 4 Bg5} 10. Qxf5 gxf5 $146 (10... Bxf5 {looks sharper.} 11. Nf3 cxd4 12. Nxd4 Bg7 13. Be2 Nxd4 14. cxd4 e5) ({Predecessor:} 10... Bxf5 11. Nf3 Bg7 12. Rc1 Rc8 13. Nd2 cxd4 14. cxd4 O-O 15. Nb3 e5 16. Bb5 Na5 17. Ke2 Nxb3 18. axb3 {0-1 (39) Laznicka,V (2634)-Zhigalko,A (2601) Ohrid 2009}) 11. Nf3 e6 {White is slightly better.} 12. Rb1 cxd4 13. cxd4 Bb4+ 14. Nd2 Bd7 15. a3 Bxa3 16. Rxb7 Rb8 17. Rxb8+ Nxb8 18. Bd3 $36 {[%mdl 2048] White has good play.} Bc6 19. Ke2 Bb4 20. Ra1 a6 21. Nc4 O-O 22. Ne5 Bd5 23. Bf6 Bd6 24. f3 ({Not} 24. Bxa6 $2 Nxa6 25. Nd7 Rc8 $19) 24... Bxe5 25. Bxe5 Nc6 26. Rxa6 Nxe5 27. dxe5 $16 {[%mdl 4096] Endgame KRB-KRB} Rb8 28. e4 Rb2+ 29. Ke3 fxe4 30. fxe4 Bb7 31. Ra7 Bc6 32. Rc7 Ba4 33. Be2 Kg7 34. h4 h6 35. Bg4 {And now Bxe6 would win.} Rb6 36. Kf4 Be8 37. g3 Ra6 38. Rc8 Bd7 39. Rd8 (39. Rc1 {is more complex.} Bb5 40. Bf3 Ra4 41. g4 Bd3 42. Rd1) 39... Bb5 40. Bh5 Ra3 41. Rd2 Bc6 42. Bf3 Rc3 43. g4 Rc5 44. Ra2 Rc3 45. Rg2 f6 46. exf6+ Kxf6 47. g5+ hxg5+ 48. hxg5+ Kg6 {With the idea ...e5+.} 49. Rh2 (49. Rd2 $14 e5+ 50. Kg4) 49... e5+ $1 $11 50. Kxe5 {Kf4 is the strong threat.} Kxg5 (50... Rxf3 $11 51. Rh6+ Kxg5 52. Rxc6 Rf8) 51. Rg2+ $16 Kh6 52. Bg4 {Intending Kf6 and mate.} Bb7 53. Be6 Rc5+ (53... Bxe4 $16 54. Kxe4 Rc1) 54. Bd5 $1 $18 Bc8 $2 {[#]} (54... Rb5 $18 55. Kf6 Rb6+ 56. Be6 Rxe6+ 57. Kxe6 Bxe4) 55. Kf6 $1 Rc3 56. Be6 $2 (56. e5 $18 Kh5 57. e6) 56... Rf3+ $16 57. Ke5 Bb7 58. Bf5 Bxe4 59. Bxe4 {KRB-KR} ({Weaker is} 59. Kxe4 Rf1 $18) 59... Rf7 {[#]} 60. Rg6+ $1 Kh5 61. Bf5 Ra7 62. Rg3 Ra4 63. Kf6 {Strongly threatening Ke5.} Rf4 64. Rc3 {Hoping for Rh3+.} Ra4 65. Rc8 {[%cal Rc8h8]} Kh4 66. Rc3 {[%csl Gf5][%cal Rc3h3]} Kh5 $1 67. Rh3+ Rh4 68. Ra3 {Threatening mate with Ra7.} Rf4 69. Ke5 Rf1 70. Rg3 {aiming for Rg7.} Ra1 71. Be4 {Black must now prevent Kf5.} Kh4 72. Kf4 {White wants to mate with Rg6.} Ra4 $2 {[%mdl 8192]} (72... Ra6 $16 73. Rg1 Ra3) 73. Rg1 {[%cal Rg1h1]} Ra3 74. Rg8 {[%cal Rg8h8]} Ra5 75. Rg7 Rb5 76. Ra7 $2 (76. Rg1 Rb3 77. Rg7 Rb5 78. Rg1 Rb3 79. Rg7 Rb5) 76... Rc5 $2 {[%mdl 8192]} (76... Rg5 $16 77. Rh7+ Rh5) 77. Bd3 $2 (77. Ra2 {mates} Rc3 78. Ra6 Rc5 79. Ra1 Rc3 80. Ra7 Rc5 81. Ra1 Rc3 82. Ra7 Rc5) 77... Kh3 $2 {[%mdl 8192]} (77... Rg5 $16 78. Rh7+ Rh5) 78. Ra2 {Accuracy: White = 63%, Black = 54%.} 1-0

[Event "21st Dubai Open 2019"]
[Site "Dubai"]
[Date "2019.04.08"]
[Round "8.9"]
[White "Aravindh, Chithambaram VR."]
[Black "Sadhwani, Raunak"]
[Result "1-0"]
[WhiteElo "2602"]
[BlackElo "2475"]
[Annotator "TA"]
[PlyCount "61"]
[EventDate "2019.04.01"]
[EventType "swiss"]
[EventCountry "UAE"]
[SourceTitle "playchess.com"]
[Source "ChessBase"]
[SourceQuality "1"]

{[%evp 22,61,39,50,52,35,63,65,56,25,49,44,38,56,57,48,57,61,145,152,159,159,156,145,151,149,154,140,147,140,147,81,74,63,212,218,208,214,210,206,506,501]} 1. d4 Nf6 2. Bg5 d5 3. e3 c5 4. c3 e6 5. Nd2 Nbd7 6. Ngf3 Be7 7. Bd3 O-O 8. O-O b6 9. Ne5 Nxe5 10. dxe5 Nd7 11. Bf4 Bb7 12. Qg4 Re8 {D03: 1 d4 d5 2 Nf3 Nf6 3 Bg5, including Torre Attack with early ...d5} 13. Nf3 f5 14. exf6 Bxf6 {White is slightly better.} 15. Bg3 $146 {[%mdl 128] White mounts an attack.} ({Predecessor:} 15. Bb5 a6 16. Bxd7 Qxd7 17. Ne5 Qe7 18. Rad1 Rad8 19. Rd2 b5 20. Rfd1 {½-½ (41) Will,M (2041)-Limpert,M (2190) Germany 2006}) 15... Qe7 16. Rfe1 e5 17. e4 d4 18. Bb5 Rad8 19. Nh4 {And now Bc4+ would win.} Qe6 (19... g6 $14) 20. Qxe6+ $1 $16 Rxe6 21. Bc4 Kf7 22. Nf5 Nf8 23. cxd4 $1 cxd4 {[#]} 24. f4 $1 {[%cal Rf4e5]} exf4 25. Bxf4 {Black must now prevent Nd6+.} Kg6 {[#]} 26. Bxe6 (26. Nd6 $142 $1 {[%cal Rd6b7]} Rexd6 27. Bxd6 Rxd6 28. e5 Bxe5 29. Rxe5) 26... Nxe6 27. Bd2 d3 ({Better is} 27... Rd7 $14) 28. e5 $18 Kxf5 29. exf6 Kxf6 30. Re3 Nd4 $2 (30... a5 31. Bc3+ Ke7) 31. Rf1+ {Accuracy: White = 79%, Black = 30%.} 1-0

[Event "21st Dubai Open 2019"]
[Site "Dubai"]
[Date "2019.04.08"]
[Round "8.10"]
[White "Pichot, Alan"]
[Black "Nguyen, Anh Khoi"]
[Result "1-0"]
[WhiteElo "2566"]
[BlackElo "2481"]
[Annotator "RC"]
[PlyCount "93"]
[EventDate "2019.04.01"]
[EventType "swiss"]
[EventCountry "UAE"]
[SourceTitle "playchess.com"]
[Source "ChessBase"]
[SourceQuality "1"]
[TimeControl "5400+30"]

1. e4 {[%emt 0:00:00]} c5 {[%emt 0:00:00]} 2. Nf3 {[%emt 0:00:00]} d6 {[%emt 0:00:00]} 3. c3 {[%emt 0:00:00]} Nf6 {[%emt 0:00:00]} 4. h3 {[%emt 0:00:00]} Nbd7 {[%emt 0:00:47]} 5. Bd3 {[%emt 0:00:26]} b6 {[%emt 0:00:20]} 6. O-O {[%emt 0:00:29]} Bb7 {[%emt 0:00:05]} 7. Re1 {[%emt 0:00:11]} Qc7 {[%emt 0:00:41]} 8. Bc2 {[%emt 0:00:35]} Rc8 {[%emt 0:00:07]} 9. a4 {[%emt 0:00:25]} a6 {[%emt 0:01:55]} 10. Na3 {[%emt 0:00:10]} e6 {[%emt 0:02:19]} 11. d3 {[%emt 0:03:15]} Be7 {[%emt 0:01:04]} 12. Bf4 {[%emt 0:00:31]} O-O {[%emt 0:08:23]} 13. d4 {[%emt 0:07:27]} cxd4 {[%emt 0:01:08]} 14. cxd4 {[%emt 0:00:21]} Qb8 {[%emt 0:10:41]} 15. Nb1 {[%emt 0:03:44]} e5 {[%emt 0:13:20]} 16. Bh2 {[%emt 0:01:07]} Rfe8 {[%emt 0:05:17]} 17. d5 {[%emt 0:06:51]} a5 {[%emt 0:04:48]} 18. Nc3 {[%emt 0:04:38]} Nc5 {[%emt 0:00:20]} 19. Rb1 {[%emt 0:02:38]} Nfd7 {[%emt 0:04:58]} 20. Qd2 {[%emt 0:03:54]} Ba6 {[%emt 0:02:45]} 21. b4 {[%emt 0:06:17]} axb4 {[%emt 0:00:12]} 22. Rxb4 {[%emt 0:00:06]} Rc7 {[%emt 0:02:19]} 23. Reb1 {[%emt 0:03:01]} Rec8 {[%emt 0:01:06]} 24. Ne1 {[%emt 0:02:10]} Nb7 {[%emt 0:09:20]} 25. Nb5 {[%emt 0:03:38]} Bxb5 {[%emt 0:00:36]} 26. Rxb5 {[%emt 0:00:12]} Qa8 {[%emt 0:03:02]} 27. Bg3 {[%emt 0:04:18]} Na5 {[%emt 0:02:39]} 28. Bd1 {[%emt 0:02:17]} Nc4 {[%emt 0:03:17]} 29. Qa2 {[%emt 0:01:54]} Bg5 {[%emt 0:03:26]} 30. Nf3 {[%emt 0:07:26]} Bh6 {[%emt 0:01:19]} 31. Bh4 {[%emt 0:00:48]} f6 {[%emt 0:01:30]} 32. Be2 {[%emt 0:01:40]} Na5 {[%emt 0:03:37]} 33. Ne1 {[%emt 0:01:18]} Nc4 {[%emt 0:02:01]} 34. Rd1 {[%emt 0:06:42]} Ra7 {[%emt 0:02:02]} 35. Rb4 {[%emt 0:00:35]} b5 {[%emt 0:00:35]} 36. Bg4 {[%emt 0:00:57]} Ncb6 {[%emt 0:03:53]} 37. Rxb5 {[%emt 0:09:20]} Rxa4 {[%emt 0:00:20]} 38. Qe2 {[%emt 0:01:07]} Ra1 {[%emt 0:02:25]} 39. Rbb1 {[%emt 0:01:46]} Rxb1 {[%emt 0:00:39]} 40. Rxb1 {[%emt 0:00:02]} Kh8 {[%emt 0:04:53]} 41. Nd3 {[%emt 0:01:20]} Qa6 {[%emt 0:00:25]} 42. Nxe5 {[%emt 0:00:43]} Qxe2 {[%emt 0:00:35]} 43. Nf7+ {[%emt 0:00:04]} Kg8 {[%emt 0:00:03]} 44. Nxh6+ {[%emt 0:00:06]} gxh6 {[%emt 0:00:03]} 45. Bxe2 {[%emt 0:00:05]} Na4 {[%emt 0:00:32]} 46. Bg4 {[%emt 0:01:47]} Nac5 {[%emt 0:00:07]} 47. Bg3 {[%emt 0:01:38]} 1-0

[Event "21st Dubai Open 2019"]
[Site "Dubai"]
[Date "2019.04.08"]
[Round "8.11"]
[White "Sanal, Vahap"]
[Black "Ghaem Maghami, Ehsan"]
[Result "1-0"]
[WhiteElo "2513"]
[BlackElo "2531"]
[Annotator "TA"]
[PlyCount "133"]
[EventDate "2019.04.01"]
[EventType "swiss"]
[EventCountry "UAE"]
[SourceTitle "playchess.com"]
[Source "ChessBase"]
[SourceQuality "1"]

{[%evp 11,133,27,51,26,26,10,37,27,37,37,27,34,37,35,49,46,38,39,36,14,31,12,10,18,22,5,5,0,0,-10,-3,-28,0,0,0,0,0,0,0,0,50,45,79,69,93,93,95,57,112,114,128,128,141,140,185,152,227,227,227,227,227,227,227,223,210,212,229,181,418,386,353,139,455,329,477,464,441,440,823,812,823,787,758,697,799,815,8764,8650,2798,1601,1506,1103,1817,1764,1840,1803,1631,894,1404,1313,1306,1306,1968,1697,2091,1969,2055,2030,2102,1981,1954,1840,1843,1793,1816,1715,4730,4447,29966,29965,29976,29978,29976,29976]} 1. e4 c6 2. d4 d5 3. Nd2 dxe4 4. Nxe4 Nd7 5. Nf3 Ngf6 6. Nxf6+ Nxf6 {LiveBook: 1028 Games} 7. Qd3 {B17: Caro-Kann: Modern Line (4...Nd7)} (7. Bc4 Bf5 8. O-O e6 9. Bf4 Bd6 10. Bxd6 Qxd6 11. c3 O-O 12. Qe2 Rfd8 13. Ne5 Nd7 14. Nxd7 {½-½ (14) Svidler,P (2765)-Anand,V (2782) Riadh 2017}) 7... g6 8. g3 Qa5+ $146 ({Predecessor:} 8... Bg7 9. Bg2 Bf5 10. Qe2 Be4 11. c3 O-O 12. O-O Qd5 13. Bf4 e6 14. Rfe1 Rfe8 {0-1 (31) Firat,B (2461)-Melkumyan,H (2646) Gjakova 2016}) 9. c3 {White is slightly better.} Bf5 10. Qe2 Qd5 11. Bg2 Qe4 12. Be3 Qd3 13. Qxd3 Bxd3 14. Ne5 Be4 15. f3 Bf5 16. g4 Be6 17. b3 Bg7 18. Nd3 O-O 19. c4 Rad8 20. O-O-O b5 21. Nc5 Bc8 22. h3 $36 {[%mdl 2048] White is more active.} Nd7 23. f4 bxc4 24. bxc4 Nb6 25. Bf1 f6 26. a4 {[%cal Ba2a4,Ba4a5][%mdl 32]} Rd6 27. a5 Nd7 28. Nxd7 Rxd7 29. f5 Ba6 (29... gxf5 $14 30. gxf5 Rb7) 30. Bd3 $16 Kf7 31. h4 gxf5 32. gxf5 Rb8 {[#]} 33. Kc2 $1 Rdb7 (33... Bc8 $16 34. Kc3 Rdb7) 34. Rb1 $18 Rxb1 35. Rxb1 Rxb1 36. Kxb1 {[%mdl 4096] Endgame KBB-KBB} Ke8 37. Kc2 Kd7 38. Kc3 Bc8 39. d5 {[%cal Bd4d5,Bd5c6,Bc6c7][%mdl 32]} Bb7 $2 (39... cxd5 {was worth a try.} 40. Bxa7 (40. cxd5 a6 $16) 40... dxc4 41. Bxc4 (41. Kxc4 Bh6 $16) 41... Kc6) 40. Kd4 Bf8 41. Bc2 $2 (41. Be4 $18 {is more deadly.}) 41... Kd8 $2 {[%mdl 8192]} (41... cxd5 $16 42. cxd5 a6) 42. a6 Bxa6 (42... c5+ {might work better.} 43. Kxc5 Bxa6) 43. dxc6 Bc8 44. Kd5 a6 (44... Ke8 $142 45. Bxa7 Bh6) 45. c5 Ke8 46. c7 Kd7 {[#]} 47. Bf4 $1 {[%cal Rc2a4]} Bb7+ 48. Kd4 {Hoping for Bb3.} e5+ 49. fxe6+ $1 {[%mdl 64] Discovered Attack} Kxe6 50. Bxh7 a5 51. Be4 Ba6 52. h5 {[%cal Bh4h5,Bh5h6,Bh6h7][%mdl 32]} a4 53. h6 a3 54. Bb1 Kf7 55. Bc1 Bc8 56. h7 Bg7 57. Bxa3 f5+ 58. Kd5 Kg6 59. Bd3 Kxh7 60. Kc6 Kg6 61. Kb6 Be5 62. Bb4 Kf6 63. Ba5 f4 64. Be4 Bd4 65. Bb7 {White mates.} Bxc5+ 66. Kc6 ({Inferior is} 66. Kxc5 Bxb7 67. Kd6 f3 $11) 66... Bf5 67. Kxc5 {Accuracy: White = 72%, Black = 42%.} 1-0

[Event "21st Dubai Open 2019"]
[Site "Dubai"]
[Date "2019.04.08"]
[Round "8.12"]
[White "Yeoh, Li Tian"]
[Black "Vignesh N R"]
[Result "0-1"]
[WhiteElo "2522"]
[BlackElo "2457"]
[Annotator "TA"]
[PlyCount "124"]
[EventDate "2019.04.01"]
[EventType "swiss"]
[EventCountry "UAE"]
[SourceTitle "playchess.com"]
[Source "ChessBase"]
[SourceQuality "1"]

{[%evp 11,124,14,20,22,19,27,57,53,78,70,63,59,76,66,65,54,64,9,59,41,56,25,51,43,52,49,56,40,63,32,35,37,46,24,29,0,30,34,47,52,52,39,54,0,0,-151,0,0,0,0,0,0,0,0,0,-184,-214,-216,-192,-182,-166,-208,-219,-233,-208,-232,-228,-220,-221,-349,-349,-349,-349,-349,-349,-344,-349,-345,-335,-439,-439,-431,-364,-355,-352,-354,-349,-378,-360,-821,-821,-1036,-1034,-938,-858,-5057,-5057,-4134,-3095,-1954,-1932,-1144,-1084,-8913,-5637,-7100,-6890,-6341,-6341,-6334,-6075,-5206,-5202,-5093,-2259]} 1. Nf3 Nf6 2. g3 b5 3. Bg2 Bb7 4. O-O e6 5. d3 d6 6. e4 Be7 7. Nd4 {A05: Réti Opening: 1 Nf3 Nf6} a6 8. Nb3 c5 9. e5 $1 {White is slightly better.} Bxg2 10. exf6 Bxf1 11. fxe7 Qxe7 {Hoping for ...Bh3.} 12. Kxf1 $146 ({Predecessor:} 12. Qxf1 Nc6 13. Be3 O-O 14. Nc3 f5 {1-0 (39) Aronian,L (2801)-Ipatov,A (2630) Antalya 2013}) 12... Nc6 13. Be3 O-O 14. N1d2 ({Better is} 14. Nc3 $14) 14... Nb4 15. f3 Rfc8 16. Ne4 Nd5 17. Bd2 Nb6 18. Qe2 Na4 19. Rb1 d5 20. Nc3 {And now Nxd5! would win.} Nb6 21. a3 b4 22. axb4 cxb4 23. Be3 Qd6 24. Bxb6 Qxb6 25. Na4 Qb5 26. Ra1 e5 $1 27. Qxe5 ({White should try} 27. f4 $14) 27... Rxc2 $11 28. Nd4 $2 (28. Re1 $1 $11) 28... Re8 $2 {[#]} (28... Qxd3+ $17 29. Kg1 Rd2) 29. Qxe8+ $1 {[%mdl 512]} Qxe8 30. Nxc2 h5 31. b3 (31. Nxb4 $2 Qb5 $19) 31... Qe6 32. Kf2 ({Don't go for} 32. Nxb4 $2 Qf6 $19) 32... h4 33. Rg1 $2 ({Wrong is} 33. Nxb4 $2 Qh3 $19) (33. gxh4 $11 {and White stays safe.} Qf6 34. Re1) 33... d4 $1 $19 34. Nxd4 Qd5 35. Ne2 Qxb3 36. Nc5 Qa2 $1 37. gxh4 b3 $1 38. Ke3 {[#]} Qc2 $1 {[%cal Rc2c5]} 39. Na4 {[#]} b2 $1 40. Nec3 (40. Nac3 $142) 40... Qc1+ $1 {[%mdl 64] Double Attack} ({Stronger than} 40... Qxh2 41. Rb1 $11) 41. Kf2 {[#]} b1=Q $1 {[%mdl 576] Decoy} 42. Nxb1 Qc2+ {[%mdl 64] Double Attack} 43. Ke3 {Black must now prevent Nbc3.} Qxa4 {[%mdl 4096] Endgame KQ-KRN} 44. Nd2 Qxh4 45. Rg2 Qe7+ 46. Kd4 Qd6+ 47. Kc3 Qa3+ 48. Kc2 Qa2+ 49. Kc1 a5 {[%cal Ba6a5,Ba5a4,Ba4a3][%mdl 32]} 50. Rg4 $2 (50. Rg5) 50... a4 {Black is clearly winning.} 51. Rc4 a3 52. Rb4 Qd5 53. Ra4 Qxd3 54. Nb1 Qf1+ 55. Kc2 Qf2+ 56. Nd2 Qc5+ 57. Nc4 Qc6 58. Rb4 Qxf3 59. Nd2 Qf5+ 60. Kc3 a2 61. Nb3 Qe5+ 62. Rd4 Qe1+ {Accuracy: White = 50%, Black = 77%.} (62... Qe3+ $142 63. Rd3 Qe1+ 64. Kb2 Qb1+ {[%mdl 64] Double Attack} 65. Kc3 f5) 0-1

[Event "21st Dubai Open 2019"]
[Site "Dubai"]
[Date "2019.04.08"]
[Round "8.13"]
[White "Mareco, Sandro"]
[Black "Raahul V S"]
[Result "1-0"]
[WhiteElo "2651"]
[BlackElo "2252"]
[Annotator "TA"]
[PlyCount "57"]
[EventDate "2019.04.01"]
[EventType "swiss"]
[EventCountry "UAE"]
[SourceTitle "playchess.com"]
[Source "ChessBase"]
[SourceQuality "1"]

{[%evp 13,57,34,30,20,25,22,23,22,26,15,28,17,18,27,20,14,34,20,20,15,22,8,68,73,79,72,106,43,43,46,89,83,90,83,97,82,397,366,378,335,1981,1840,29996,29997,29997,29998]} 1. c4 Nf6 2. Nc3 g6 3. g3 d5 4. cxd5 Nxd5 5. Bg2 Nb6 6. d3 Bg7 7. Be3 Nc6 8. Qd2 {A16: English Opening: 1...Nf6 with ...d5} (8. Bxc6+ bxc6 9. Qd2 h5 10. h4 Nd5 11. Rc1 Nxe3 12. Qxe3 Rb8 13. b3 Bd4 14. Qd2 Bg4 15. Nf3 Bxf3 16. exf3 Qd6 {1-0 (65) Jakovenko,D (2732)-Zeng,C (2535) China 2018}) 8... Nd4 9. Rc1 Nf5 10. Bc5 {White has an edge.} O-O 11. Nf3 c6 12. O-O Nd5 $146 ({Predecessor:} 12... Re8 13. Qc2 Nd7 14. Ba3 Nd6 15. e4 Nf8 {½-½ (44) Mista,A (2587)-Bulski,K (2523) Warsaw 2012}) 13. e3 b6 {Strongly threatening ...Nxc3.} 14. Ba3 Bb7 15. Nxd5 cxd5 16. d4 Nd6 17. Ne5 Bxe5 (17... Nb5 $11) 18. dxe5 $14 Nb5 19. Bb4 a5 {[#]} 20. Bc3 ({White should play} 20. a4 $1 $16) 20... Rc8 21. Bd4 e6 22. Rxc8 Bxc8 23. Rc1 Bd7 24. e4 {Threatens to win with Be3.} Bc8 $2 {[%mdl 8192] [#]} (24... Nxd4 $16 25. Qxd4 Re8) 25. Be3 $1 $18 Bb7 26. Bg5 Qd7 $2 (26... f6) 27. Bf6 {White threatens Qh6 and mate.} Rc8 28. Qh6 {[%csl Gf6][%cal Rh6g7]} Rxc1+ 29. Bf1 {Accuracy: White = 78%, Black = 39%.} 1-0